Biblioteca

Ecological hermeneutics : (Registro nro. 67126)

Detalles MARC
000 -LÍDER
Campo fijo de descripción fija 03164cam a2200349 i 4500
001 - NÚMERO DE CONTROL
Campo de control 768714001
003 - IDENTIFICADOR DEL NÚMERO DE CONTROL
Campo de control CO-MdFUSB
005 - FECHA Y HORA DE LA ULTIMA TRANSACCIÓN
control field 20220615170334.0
007 - CAMPO FIJO DE DESCRIPCIÓN FIJA--INFORMACIÓN GENERAL
Campo fijo de descripción fija ta
008 - ELEMENTOS DE LONGITUD FIJA -- INFORMACIÓN GENERAL
Campo fijo de descripción fija -- Información general 100719t2010 enka b 001 0 eng
020 ## - NÚMERO INTERNACIONAL NORMALIZADO PARA LIBROS
Número Internacional Normalizado del libro 056703304X (pbk.)
040 ## - FUENTE DE CATALOGACIÓN
Agencia de catalogación original UKM
Agencia que realiza la transcripción CO-MdFUSB
Agencia que realiza la modificación BTCTA
-- YDXCP
-- C#P
-- DLC
Idioma de catalogación spa
Convenciones de la descripción rda
041 ## - CÓDIGO DE IDIOMA
Código de idioma para texto/pista de sonido o título separado eng
082 ## - NÚMERO DE CLASIFICACIÓN DECIMAL DEWEY
Número de la edición del Dewey 23
Número de clasificación 261.88
Clave de autor-Numero de item EC19
245 1# - TÍTULO
Título del Material Ecological hermeneutics :
Parte restante del título - Subtitulo biblical, historical and theological perspectives.
Mención de responsabilidad, etc. / editado por David G. Horrell
264 #1 - PRODUCCIÓN, PUBLICACIÓN, DISTRIBUCIÓN, MANUFACTURA, Y COPYRIGHT
Lugar de producción, publicación, distribución, manufactura London ; New York :
Nombre del productor, publicador, distribuidor T & T Clark,
Fecha de producción, publicación, distribución, manufactura, o copyright [2010]
264 #4 - PRODUCCIÓN, PUBLICACIÓN, DISTRIBUCIÓN, MANUFACTURA, Y COPYRIGHT
Fecha de producción, publicación, distribución, manufactura, o copyright © 2010
300 ## - DESCRIPCIÓN FÍSICA
Extensión 333 páginas. :
Otros detalles físicos ilustraciones ;
Dimensiones 24 cm.
336 ## - TIPO DE CONTENIDO
Fuente rdacontent
Término de tipo de contenido texto
Código de tipo de contenido tdi
337 ## - TIPO DE MEDIO
Fuente rdamedia
Nombre del tipo de medio sin mediación
Código del tipo de medio n
338 ## - TIPO DE SOPORTE
Fuente rdacarrier
Nombre del tipo de soporte volumen
Código Tipo de soporte nc
504 ## - NOTA DE BIBLIOGRAFÍA, ETC.
Nota de bibliografía, etc Includes bibliographical references and indexes.
505 ## - NOTA DE CONTENIDO
Nota de contenido con formato preestablecido punto I. Perspectivas bíblicas :Las historias de la creación: su potencial y problemas ecológicos / John W. Rogerson -- Sacrificio en Levítico: ¿ritual ecológico o desperdicio profano? / Jonathan Morgan -- Lectura de los profetas desde una perspectiva ambiental / John Barton -- El significado de la tradición de Sabiduría en el debate ecológico / Katharine J. Dell -- Lectura ecológica de los evangelios sinópticos / Richard Bauckham -- Una lectura ecológica de Rom. 8.19-22 : posibilidades y vacilaciones / Brendan Byrne -- Cosmología helenística y la carta a los colosenses : hacia una hermenéutica ecológica / Vicky S. Balabanski -- Recuperando la tierra de la conflagración : 2 Pedro 3.5-13 y el medio ambiente / Edward Adams -- punto II. Perspectivas desde la historia de la interpretación. Al principio : Ireneo, la creación y el medio ambiente / Francis Watson -- Poder y dominio : interpretaciones patrísticas del Génesis I / Morwenna Ludlow -- Tomás de Aquino : lectura de la idea de dominio a la luz de la doctrina de la creación / Mark Wynn -- Martín Lutero, la palabra de Dios y la naturaleza: la hermenéutica de la Reforma en contexto / H. Paul Santmire -- 'Permanecer fieles a la tierra': la humanidad, las otras criaturas de Dios y la Biblia en Karl Barth / Geoff Thompson --¿Hans Urs von Balthasar: comenzando con la belleza / David Moss -- Entre la creación y la transfiguración : el entorno en la tradición ortodoxa oriental / Andrew Louth -- La hermenéutica ecológica de Jürgen Moltmann / Jeremy Law -- pt. tercero Posibilidades hermenéuticas contemporáneas. Milenialismo verde: los evangélicos estadounidenses, el ambientalismo y el libro de Apocalipsis / Harry O. Maier -- La escatología del Nuevo Testamento y la crisis ecológica desde una perspectiva teológica y eclesial / Stephen C. Barton -- Cumpliendo los mandamientos: el significado de un campo sostenible / Tim Gorringe -- ¿Qué diablos es una hermenéutica ecológica? : algunos parámetros generales / Ernst M. Conradie.
630 07 - TITULO UNIFORME
Título uniforme Biblia
Subdivisión de materia general Crítica, interpretación, etc.
653 ## - TÉRMINO DE INDIZACIÓN - NO CONTROLADO
Término no controlado Medio ambiente -- Cristianismo
653 ## - TÉRMINO DE INDIZACIÓN - NO CONTROLADO
Término no controlado Ecología -- Cristianism.
700 1# - ASIENTO SECUNDARIO - NOMBRE PERSONAL
Nombre personal Horrell, David G.
Responsabilidad editor
942 ## - TIPO DE MATERIAL (KOHA)
Tipo de Item KOHA Libros General
945 ## - INFORMACIÓN LOCAL DEL REGISTRO
Catalogador JTF-925
Existencias
Estado de Material Estado de Perdido Forma de Clasificación Estado de Dañado No para Préstamo Biblioteca de Origen Biblioteca Permanente Fecha de Adquisición Área Total de Préstamos Signatura Topográfica Código de Barras Última vez visto Ejemplar/Existencia Fecha de Remplazo Tipo de Material
    Dewey Decimal Classification     Biblioteca FUSBC Biblioteca FUSBC 10/02/2022 EDUCACIÓN CRISTIANA   G 261.88 EC19ec 21650 10/02/2022 Ej.1 10/02/2022 Libros General

Biblioteca FUSBC | Teléfono: (57+4) 349 88 10 Ext. 141| WhatsApp (+57) 3005338115 
E-mail: biblioteca@unisbc.edu.co | Calle 76 87-14 Robledo Palenque, Medellín, Colombia

Con tecnología Koha